000
00225nam a2200097Ia 4500
008
190216s9999||||xx |||||||||||||| ||und||
100
_a
Govinda Das
245
0
_a
Hindi-Aminav Pukanki
260
_b
Vidyarthimithram
942
_c
BK
999
_c
17064
_d
17064